Catálogo público

(Record no. 184357)

MARC details
000 -CABECERA
campo de control de longitud fija 00728nam a2200193Ia 4500
001 - NÚMERO DE CONTROL
campo de control IA_4811,23/05/2012,24/05/2012,5232272011 mx amnl8223223322spa16,"
008 - DATOS DE LONGITUD FIJA--INFORMACIÓN GENERAL
campo de control de longitud fija 220117sMuni xx 000 0 und d
010 ## - NÚMERO DE CONTROL DE LA BIBLIOTECA DEL CONGRESO
Número de control de LC 184357
090 ## - LOCALMENTE ASIGNADO TIPO-LC NÚMERO DE CLASIFICACIÓN (OCLC); NÚMERO DE CLASIFICACIÓN LOCAL (RLIN)
Número de clasificación (OCLC) (R) ; Numero de clasificación, CALL (RLIN) (NR) Tesis Z36 2011
100 ## - ENTRADA PRINCIPAL--NOMBRE DE PERSONA
Nombre de persona Zambrano García
9 (RLIN) 156772
260 ## - PUBLICACIÓN, DISTRIBUCIÓN, ETC.
Lugar de publicación, distribución, etc. México :
Nombre del editor, distribuidor, etc. El autor,
Fecha de publicación, distribución, etc. Muni
300 ## - DESCRIPCIÓN FÍSICA
Extensión ix
500 ## - NOTA GENERAL
Nota general El CD contiene reporte
502 ## - NOTA DE TESIS
Nota de tesis Tesis (Ing. Agr. Esp. en Ingeniería Agroindustrial) -- UACh
904 ## - ELEMENTOS DE DATOS D LOCAL, LDD (RLIN)
a Muni
942 ## - ELEMENTOS DE PUNTO DE ACCESO ADICIONAL (KOHA)
Tipo de ítem Koha

No items available.